Statystyki dla Najmniejsze państwa świata

Kliknij tutaj aby rozwiązać quiz!

Ogólne statystyki

  • Ten quiz został rozwiązany 146 razy
  • Średni wynik to 5 z 10

Statystyki odpowiedzi

RankingKraj% Poprawnych
1Watykan
97%
4San Marino
88%
2Monako
80%
5Liechtenstein
76%
9Malta
55%
3Nauru
42%
7Saint Kitts i Nevis
32%
6Wyspy Marshalla
27%
10Grenada
25%
8Malediwy
24%

Rozkład punktacji

Percentyl według liczby udzielonych odpowiedzi

Procent ludzi z każdym wynikiem

Twoja historia wyników

Nie rozwiązałeś tego quizu